Sri Guru Teg Bahadur Ji: travels and relics

Saved in:  
Bibliographic Details
Subtitles:Sri Guru Tegh Bahadur Ji
Sri Guru Tegh Bahadur Ji : travels & relics
Main Author: Singh, Amarjit (Author)
Contributors: Singh, Salinder (Contributor)
Format: Print Image
Language:English
Gujarātī language
Subito Delivery Service: Order now.
Check availability: HBZ Gateway
Interlibrary Loan:Interlibrary Loan for the Fachinformationsdienste (Specialized Information Services in Germany)
Published: Amritsar Department of Higher Education, Government of Punjab [2022?]
Amritsar Centre on Studies in Sri Guru Granth Sahib, Guru Nanak Dev University [2022?]
In:Year: 2022
Standardized Subjects / Keyword chains:B Tegh Bahadur, VIIII., Guru 1621-1675 / Relic / Gurdwara
B Sikhism / Relic veneration
Further subjects:B Sikh temples (India)
B Tegh Bahadur Guru (1621-1675) Travel (India)
B India Description and travel
B Sikh Gurus Travel (India)

MARC

LEADER 00000cam a2200000 c 4500
001 1847974406
003 DE-627
005 20241218111226.0
007 tu
008 230608s2022 ii ||||| 00| ||eng c
010 |a  2023336586 
020 |a 9788177702095  |9 978-81-7770-209-5 
035 |a (DE-627)1847974406 
035 |a (DE-599)KXP1847974406 
040 |a DE-627  |b ger  |c DE-627  |e rda 
041 |a eng  |a guj 
044 |c XB-IN 
050 0 |a BL2017.85.T45 
084 |a SUEDASIEN  |q DE-16  |2 fid 
084 |a 0  |2 ssgn 
100 1 |a Singh, Amarjit  |e VerfasserIn  |4 aut 
245 1 0 |a Sri Guru Teg Bahadur Ji  |b travels and relics  |c Prof. (Dr.) Amarjit Singh ; assistant Dr. Salinder Singh 
246 1 |i Auf dem Umschlag  |a Sri Guru Tegh Bahadur Ji : travels & relics 
246 3 3 |a Sri Guru Tegh Bahadur Ji 
264 1 |a Amritsar  |b Department of Higher Education, Government of Punjab  |c [2022?] 
264 1 |a Amritsar  |b Centre on Studies in Sri Guru Granth Sahib, Guru Nanak Dev University  |c [2022?] 
300 |a 136 Seiten  |b Illustrationen 
336 |a Text  |b txt  |2 rdacontent 
336 |a unbewegtes Bild  |b sti  |2 rdacontent 
337 |a ohne Hilfsmittel zu benutzen  |b n  |2 rdamedia 
338 |a Band  |b nc  |2 rdacarrier 
500 |a Literaturverzeichnis: Seite 134 
583 1 |a Archivierung/Langzeitarchivierung gewährleistet  |f FID  |x XA-DE-BW  |2 pdager  |5 DE-16-77 
600 1 0 |a Tegh Bahadur  |c Guru  |d 1621-1675  |x Travel  |z India  |2 DLC 
600 1 0 |a Sikh Gurus  |x Travel  |z India  |2 DLC 
650 0 |a Sikh temples  |z India  |2 DLC 
651 0 |a India  |x Description and travel  |2 DLC 
689 0 0 |d p  |0 (DE-588)119240726  |0 (DE-627)695878034  |0 (DE-576)211642533  |2 gnd  |a Tegh Bahadur  |b VIIII.  |c Guru  |d 1621-1675 
689 0 1 |d s  |0 (DE-588)4177751-7  |0 (DE-627)105346357  |0 (DE-576)209979879  |2 gnd  |a Reliquie 
689 0 2 |d s  |0 (DE-588)4361346-9  |0 (DE-627)181320312  |0 (DE-576)211483966  |2 gnd  |a Gurdwara 
689 0 |5 (DE-627) 
689 1 0 |d s  |0 (DE-588)4181283-9  |0 (DE-627)105319341  |0 (DE-576)210003847  |2 gnd  |a Sikhismus 
689 1 1 |d s  |0 (DE-588)4138759-4  |0 (DE-627)105640298  |0 (DE-576)209688769  |2 gnd  |a Reliquienkult 
689 1 |5 (DE-627) 
700 1 |a Singh, Salinder  |e MitwirkendeR  |4 ctb 
935 |a mteo 
951 |a BO 
ELC |b 1 
LOK |0 000 xxxxxcx a22 zn 4500 
LOK |0 001 4638437060 
LOK |0 003 DE-627 
LOK |0 004 1847974406 
LOK |0 005 20241218111312 
LOK |0 008 241218||||||||||||||||ger||||||| 
LOK |0 040   |a DE-Tue135  |c DE-627  |d DE-Tue135 
LOK |0 092   |o n 
LOK |0 852   |a DE-Tue135 
LOK |0 852 1  |9 00 
LOK |0 935   |a hdsa 
LOK |0 939   |a 18-12-24  |b l01 
ORI |a SA-MARC-ixtheoa001.raw 
REL |a 1 
STA 0 0 |a Gurdwara,Relic,Relic veneration,Sikhism,Sikhs 
STB 0 0 |a Culte des reliques,Gurdwara,Relique,Sikhisme 
STC 0 0 |a Culto de reliquias,Gurdwara,Reliquia,Sijismo 
STD 0 0 |a Culto delle reliquie,Gurdwara,Reliquia,Sikhismo 
STE 0 0 |a 圣髑,圣骨,圣髑崇拜,圣骨崇拜,锡克教 
STF 0 0 |a 聖髑,聖骨,聖髑崇拜,聖骨崇拜,谒师所,錫克教 
STG 0 0 |a Culto de relíquias,Gurdwara,Relíquia,Siquismo 
STH 0 0 |a Гурдвара,Поклонение реликвиям,Реликвия,Сикхизм 
STI 0 0 |a Γκουρντουάρα,Γκουρντβάρα,Λατρεία των λειψάνων,Λείψανο,Σιχισμός 
SUB |a REL 
SYG 0 0 |a Tegh Bahadur,IX.,Guru,1621-1675,Guru Tegh Bahadur,1621-1675,Teg̱a Bahādara,VIIII.,Gurū,1621-1675,Gurū Teg̱a Bahādara,1621-1675,Teg̱ Bahādara,VIIII.,Gurū,1621-1675,Teg Bahadur,VIIII.,Guru,1621-1675 , Reliquien,Heiligenreliquie,Heiltum,Heiligenreliquie,Heiltum , Gurdvārā,Sikhismus,Gurudvara , Sikh,Sikh , Reliquienverehrung,Reliquie